[Event "Itzehoe op"]
[Site "Itzehoe"]
[Date "2025.05.31"]
[Round "5"]
[White "Tarasenko, Nazar"]
[Black "Speck, Jakob"]
[Result "1-0"]
[WhiteElo "2001"]
[BlackElo "1842"]
[PlyCount "72"]
[EventDate "2025.05.29"]
[EventType "swiss"]
[EventRounds "7"]
[EventCountry "GER"]
[SourceTitle "CB23_2025"]
[SourceDate "2025.06.04"]
[SourceVersion "1"]
[SourceVersionDate "2025.06.04"]
[SourceQuality "1"]

1. d4 c5 2. d5 Nf6 3. c4 e5 4. Nc3 d6 5. e4 Be7 6. Nge2 0-0 7. Ng3 Ne8 8. Bd3 g6 9. Qc2 Ng7 10. 0-0 Bg5 11. a3 Bxc1 12. Raxc1 Bd7 13. b4 Na6 14. Rb1 b6 15. Nb5 Bxb5 16. cxb5 Nb8 17. bxc5 bxc5 18. Qc3 Nd7 19. a4 Qc7 20. Rfc1 Rfb8 21. a5 Qd8 22. Nf1 Qg5 23. Ne3 Ne8 24. Nc4 Qd8 25. Rb3 Rb7 26. Rcb1 Rab8 27. Bc2 Kf8 28. R3b2 h5 29. Ba4 h4 30. h3 f6 31. b6 axb6 32. axb6 Nxb6 33. Bc6 Nxd5 34. Bxd5 Rxb2 35. Rxb2 Ke7 36. Na5 Rxb2 1-0

[Event "Itzehoe op"]
[Site "Itzehoe"]
[Date "2025.05.30"]
[Round "3"]
[White "Speck, Jakob"]
[Black "Moeller, Rainer"]
[Result "1-0"]
[WhiteElo "1842"]
[BlackElo "1629"]
[PlyCount "53"]
[EventDate "2025.05.29"]
[EventType "swiss"]
[EventRounds "7"]
[EventCountry "GER"]
[SourceTitle "CB23_2025"]
[SourceDate "2025.06.04"]
[SourceVersion "1"]
[SourceVersionDate "2025.06.04"]
[SourceQuality "1"]

1. e4 e5 2. Nf3 Nf6 3. Nxe5 d6 4. Nf3 Nxe4 5. d4 d5 6. Bd3 Bd6 7. 0-0 0-0 8. Re1 Re8 9. c3 c6 10. Qc2 Nf6 11. Rxe8+ Qxe8 12. Bg5 Ne4 13. Bh4 h6 14. Nbd2 Nxd2 15. Qxd2 Bg4 16. Re1 Qf8 17. Ne5 Nd7 18. Nxg4 f5 19. Ne5 Nxe5 20. dxe5 Bc7 21. f4 Re8 22. Qc2 g6 23. Bf2 a6 24. h4 g5 25. Bxf5 gxf4 26. Bh7+ Kh8 27. e6 1-0

[Event "Hamburg HSK Easter op"]
[Site "Hamburg"]
[Date "2025.04.18"]
[Round "2"]
[White "Reddmann, Hauke"]
[Black "Speck, Jakob"]
[Result "1-0"]
[WhiteElo "2171"]
[BlackElo "1817"]
[PlyCount "81"]
[EventDate "2025.04.18"]
[EventType "swiss"]
[EventRounds "7"]
[EventCountry "GER"]
[SourceTitle "CB20_2025"]
[SourceDate "2025.05.14"]
[SourceVersion "1"]
[SourceVersionDate "2025.05.14"]
[SourceQuality "1"]

1. d4 c5 2. d5 Nf6 3. Nc3 e5 4. e4 d6 5. a4 Be7 6. Bb5+ Nbd7 7. Nf3 0-0 8. Nd2 Ne8 9. Bd3 g6 10. a5 a6 11. Nc4 b5 12. axb6 Nxb6 13. Na5 Bd7 14. Qe2 Qc8 15. Bh6 Ng7 16. 0-0 f5 17. Nc6 Bxc6 18. dxc6 Qxc6 19. Bxa6 fxe4 20. Bb5 Qb7 21. Nxe4 Rfd8 22. Bxg7 Kxg7 23. c4 Rxa1 24. Rxa1 Qc7 25. g3 Nxc4 26. Bxc4 d5 27. Bd3 dxe4 28. Bxe4 c4 29. Rc1 Rd4 30. Kg2 Bg5 31. Rc2 Qd6 32. h4 Rd2 33. Qxc4 Rxc2 34. Bxc2 Bd2 35. Bb3 Bb4 36. Qf7+ Kh6 37. g4 g5 38. Qh5+ Kg7 39. Qxg5+ Kf8 40. Qg8+ Ke7 41. Qxh7+ 1-0

[Event "JBLN West 1819"]
[Site "Germany"]
[Date "2019.05.05"]
[Round "7.4"]
[White "Speck, Jakob"]
[Black "Harutyunyan, Hovhannes"]
[Result "1/2-1/2"]
[WhiteElo "1546"]
[BlackElo "1646"]
[PlyCount "65"]
[EventDate "2018.09.23"]
[EventType "team-tourn"]
[EventRounds "9"]
[EventCountry "GER"]
[SourceTitle "EXT 2020"]
[Source "ChessBase"]
[SourceDate "2019.10.17"]
[SourceVersion "1"]
[SourceVersionDate "2019.10.17"]
[SourceQuality "1"]
[WhiteTeam "Weisse Dame U20"]
[BlackTeam "Flensburg U20"]
[WhiteTeamCountry "GER"]
[BlackTeamCountry "GER"]

1. e4 e5 2. Nf3 Nc6 3. c3 Nf6 4. d4 exd4 5. e5 Qe7 6. cxd4 d6 7. Bb5 dxe5 8. Bxc6+ bxc6 9. dxe5 Qb4+ 10. Nbd2 Nd5 11. 0-0 Ba6 12. Re1 0-0-0 13. a3 Qb6 14. Qc2 Nf4 15. Ne4 Bd3 16. Qc3 Ne2+ 17. Rxe2 Bxe2 18. Be3 Qa6 19. Nfg5 Qa4 20. b3 Qxa3 21. Nxf7 Bb4 22. Nxd8 Rxd8 23. Qc1 Rd1+ 24. Qxd1 Bxd1 25. Rxa3 Bxa3 26. Bxa7 Bxb3 27. Bc5 Bb2 28. f4 Bd5 29. Ng5 h6 30. Nf3 Kd7 31. Kf2 g6 32. g4 Ke8 33. Nd4 1/2-1/2

[Event "Hamburg CC Easter op 3rd"]
[Site "Hamburg"]
[Date "2017.04.14"]
[Round "2"]
[White "Schmidt, Aliyah Renee"]
[Black "Speck, Jakob"]
[Result "0-1"]
[WhiteElo "1197"]
[BlackElo "1767"]
[PlyCount "88"]
[EventDate "2017.04.14"]
[EventType "swiss"]
[EventRounds "7"]
[EventCountry "GER"]
[SourceTitle "EXT 2020"]
[Source "ChessBase"]
[SourceDate "2019.10.17"]
[SourceVersion "1"]
[SourceVersionDate "2019.10.17"]
[SourceQuality "1"]

1. e4 c5 2. Nc3 Nc6 3. g3 g6 4. Bg2 Bg7 5. f4 e6 6. Nf3 Nge7 7. 0-0 0-0 8. d3 a6 9. Be3 Nd4 10. Bf2 Nec6 11. Rb1 b5 12. Nxd4 Nxd4 13. Ne2 Bb7 14. c3 Nxe2+ 15. Qxe2 Rc8 16. Rfe1 d5 17. Qg4 d4 18. cxd4 Bxd4 19. Red1 Bxf2+ 20. Kxf2 Qd4+ 21. Kf1 Rfd8 22. Qe2 Qa4 23. b3 Qa5 24. Qb2 Rd4 25. Rbc1 b4 26. Rc4 Rcd8 27. Ke2 Qb5 28. Qc2 f5 29. Rxc5 Qd7 30. Re5 Rc8 31. Qb1 Rc3 32. Bf3 Qc6 33. Rd2 Rd7 34. Qb2 Rc7 35. h3 Kf7 36. h4 Rc1 37. Kf2 Qb6+ 38. d4 R7c3 39. Bg2 Qc6 40. Rc5 Rxc5 41. dxc5 Qxc5+ 42. Ke2 Qg1 43. Rd7+ Ke8 44. Rxb7 Qxg2+ 0-1

[Event "Hamburg CC Easter op 3rd"]
[Site "Hamburg"]
[Date "2017.04.14"]
[Round "1"]
[White "Speck, Jakob"]
[Black "Kahlert, Thomas"]
[Result "0-1"]
[WhiteElo "1767"]
[BlackElo "2239"]
[PlyCount "44"]
[EventDate "2017.04.14"]
[EventType "swiss"]
[EventRounds "7"]
[EventCountry "GER"]
[SourceTitle "CBM 177 Extra"]
[Source "ChessBase"]
[SourceDate "2017.04.27"]
[SourceVersion "1"]
[SourceVersionDate "2017.04.27"]
[SourceQuality "1"]

1. e4 e5 2. Nf3 Nc6 3. d4 exd4 4. Nxd4 Nf6 5. Nc3 Bb4 6. Nxc6 bxc6 7. Bd3 d5 8. 0-0 0-0 9. e5 Ng4 10. Qe2 Re8 11. f4 Bc5+ 12. Kh1 Nxh2 13. Bxh7+ Kxh7 14. Qh5+ Kg8 15. Qxh2 Bf5 16. Na4 Re6 17. Nxc5 Rh6 18. Qxh6 gxh6 19. c3 Kh7 20. Be3 Qh4+ 21. Kg1 Rg8 22. Rf3 Bh3 0-1

[Event "Norderstedt op"]
[Site "Norderstedt"]
[Date "2013.03.29"]
[Round "3"]
[White "Speck, Jakob"]
[Black "Eichstaedt, Mirko"]
[Result "1-0"]
[WhiteElo "1433"]
[BlackElo "1883"]
[PlyCount "73"]
[EventDate "2013.03.28"]
[EventType "swiss"]
[EventRounds "9"]
[EventCountry "GER"]
[SourceTitle "EXT 2015"]
[Source "ChessBase"]
[SourceDate "2014.11.20"]
[SourceVersion "1"]
[SourceVersionDate "2014.11.20"]
[SourceQuality "1"]

1. e4 Nf6 2. e5 Nd5 3. d4 d6 4. c4 Nb6 5. Nf3 g6 6. Be2 Bg7 7. 0-0 0-0 8. Be3 Nc6 9. exd6 cxd6 10. Qd2 Bg4 11. Na3 Re8 12. h3 Bxf3 13. Bxf3 d5 14. c5 Nc8 15. Nb5 a6 16. Nc3 e6 17. b3 N8e7 18. g4 b6 19. Na4 bxc5 20. Nxc5 e5 21. dxe5 Bxe5 22. Rac1 Qc8 23. Bg5 h5 24. Rfe1 Nd4 25. Bg2 Ndc6 26. Nd3 Bg7 27. Be3 Qd7 28. gxh5 gxh5 29. Nf4 Nf5 30. Qxd5 Qxd5 31. Bxd5 Nb4 32. Bxa8 Bh6 33. Bf3 Bxf4 34. Bxf4 Rxe1+ 35. Rxe1 Nd3 36. Re8+ Kg7 37. Be4 1-0

[Event "GER-ch U12"]
[Site "Oberhof"]
[Date "2011.06.17"]
[Round "10"]
[White "Mueller, Sophie Elisabeth"]
[Black "Speck, Jakob"]
[Result "1/2-1/2"]
[WhiteElo "1386"]
[BlackElo "987"]
[PlyCount "136"]
[EventDate "2011.06.11"]
[EventType "swiss"]
[EventRounds "11"]
[EventCountry "GER"]
[SourceTitle "CBM 142 Extra"]
[Source "ChessBase"]
[SourceDate "2011.06.27"]
[SourceVersion "1"]
[SourceVersionDate "2011.06.27"]
[SourceQuality "1"]

1. d4 d5 2. Bf4 Nf6 3. e3 c5 4. c3 Nc6 5. Bd3 Qb6 6. Qc1 Bg4 7. Nd2 e6 8. Ngf3 Be7 9. 0-0 0-0 10. h3 Bh5 11. dxc5 Bxc5 12. Qc2 Bg6 13. Bxg6 fxg6 14. Ng5 Rfe8 15. Ngf3 e5 16. Bg3 d4 17. Nc4 Qd8 18. Nfxe5 dxe3 19. Nxc6 exf2+ 20. Bxf2 Bxf2+ 21. Rxf2 bxc6 22. Qd1 Qxd1+ 23. Rxd1 Ne4 24. Re2 Ng3 25. Rxe8+ Rxe8 26. Kf2 Ne4+ 27. Kg1 Ng3 28. Kh2 Ne4 29. Re1 Nd6 30. Rxe8+ Nxe8 31. Ne5 c5 32. Kg3 Kf8 33. Nd7+ Ke7 34. Nxc5 Kd6 35. Ne4+ Kd5 36. Kf3 Nf6 37. Nd2 Nd7 38. Ke3 Ne5 39. b3 g5 40. c4+ Kc6 41. Kd4 Ng6 42. g3 h5 43. b4 a6 44. a4 h4 45. gxh4 gxh4 46. Ne4 Nf4 47. Ng5 Ne2+ 48. Kd3 Nc1+ 49. Kc2 Na2 50. Kb3 Nc1+ 51. Ka3 Kd6 52. Nf3 Nd3 53. Nxh4 Ke5 54. b5 a5 55. Nf3+ Kd6 56. Nd2 Nf4 57. h4 Ng6 58. Ne4+ Kd7 59. c5 Nxh4 60. b6 Kc6 61. Kb3 Nf3 62. Nd6 Ne5 63. Ne4 Nd7 64. Kc4 Nxb6+ 65. cxb6 Kxb6 66. Nc3 g5 67. Kd3 Kc5 68. Kc2 Kb4 1/2-1/2

[Event "GER-ch U12"]
[Site "Oberhof"]
[Date "2011.06.16"]
[Round "8"]
[White "Schmid, Katharina"]
[Black "Speck, Jakob"]
[Result "0-1"]
[WhiteElo "1070"]
[BlackElo "987"]
[PlyCount "126"]
[EventDate "2011.06.11"]
[EventType "swiss"]
[EventRounds "11"]
[EventCountry "GER"]
[SourceTitle "CBM 142 Extra"]
[Source "ChessBase"]
[SourceDate "2011.06.27"]
[SourceVersion "1"]
[SourceVersionDate "2011.06.27"]
[SourceQuality "1"]

1. e4 c5 2. Nf3 e6 3. Nc3 a6 4. a4 d5 5. exd5 exd5 6. d4 cxd4 7. Nxd4 Nf6 8. Be2 b6 9. 0-0 Be7 10. Be3 0-0 11. f4 Qc7 12. Kh1 Re8 13. Qe1 Bb7 14. Bf3 Bc5 15. Qd2 Ne4 16. Bxe4 dxe4 17. Rf2 Rd8 18. f5 Nc6 19. Nce2 f6 20. Qc3 Nxd4 21. Nxd4 Qe5 22. Rd1 Bd6 23. Bf4 Qc5 24. Qxc5 Bxc5 25. Rfd2 Rd5 26. c4 Rxd4 27. Rxd4 Bxd4 28. Rxd4 Re8 29. Be3 Re5 30. Rd8+ Kf7 31. Rd7+ Re7 32. Rxe7+ Kxe7 33. Bxb6 Kd6 34. Bd4 Ke7 35. g4 e3+ 36. Kg1 e2 37. Kf2 Bf3 38. h3 g5 39. Bc3 Bc6 40. a5 Be4 41. Kxe2 Bg2 42. b4 Bxh3 43. Kf3 Bf1 44. Ke4 Bxc4 45. Kd4 Be2 46. Kd5 Bxg4 47. Kc6 h5 48. Kb6 Bxf5 49. Kxa6 h4 50. Bd4 h3 51. Bg1 g4 52. Bh2 Kf7 53. b5 Bd3 54. Kb6 Kg6 55. Kc6 Kh5 56. b6 Kh4 57. b7 Be4+ 58. Kc7 Bxb7 59. Kxb7 g3 60. Bxg3+ Kxg3 61. a6 h2 62. a7 h1Q+ 63. Kb8 f5 0-1